| 000 | 01380nam a22002537a 4500 | ||
|---|---|---|---|
| 999 |
_c40235 _d40235 |
||
| 001 | 10789 | ||
| 003 | CO-MdFUSB | ||
| 005 | 20180622073146.0 | ||
| 008 | 180508t1999 sp ||||| |||| 00| 0 spa d | ||
| 020 | _a84-330-1369-6 | ||
| 040 |
_aCO-MdFUSB _bspa _cCO-MdFUSB _dCO-MdFUSBC _erda |
||
| 041 | 0 | _aspa | |
| 082 | 0 | 4 | _aG 230 B553q |
| 100 | 1 |
_aBerzosa Martínez, Raúl _eautor |
|
| 245 | 1 | 0 |
_aQué es teología? _b: Una aproximación a su identidd y su método _c / Raúl Berzosa Martínez |
| 264 | 4 |
_aBilbao, España : _bDesclée de Brouwer _c©1999 |
|
| 300 | _a222 Pag | ||
| 336 |
_2rdacontent _atexto _btxt |
||
| 337 |
_2rdamedia _asin mediación _bn |
||
| 338 |
_2rdacarrier _avolumen _bnc |
||
| 505 | 0 | 0 | _a- Una aproximación a la historia de la palabra y sus principales métodos: - Termino en el mundo griego: la mitología de la ciencia - La teología en el cristianismo primitivo - Metodo entitativo- metafisico"La teología como ciencia" - La teología en los siglos xv- xviii - La teología en los siglos xix-x "en busqueda de la antropología para llegar a Dios" - Breve resumen de los métodos y contenidos dogmáticos en los siglos xx - ¿Que futuro para la teología y que teología del futuro - En busca del método teologíco - La problemática del método teologíco - |
| 650 | 0 |
_aTeología dogmática _91260 _xHistoria _yEdad Media, 600-1500 |
|
| 942 | _cBK | ||